000
00207 a2200097 4500
001
3685
100
_a
Pak Pub
245
_a
Cost of the repceblic of Pakistan
260
_a
_b
Pak Pub
_c
090
_c
2944
_d
2944
942
_a
NUST-CAE
_c
M
_c
21602
999
_c
238758
_d
238758